Japan Agricultural Research Quarterly
Zapisane w:
| Format: | Książka |
|---|---|
| Język: | Undetermined |
| Wydane: |
Tsukiba, Japan
JIRCAS
2018
|
| Hasła przedmiotowe: | |
| Etykiety: |
Dodaj etykietę
Nie ma etykietki, Dołącz pierwszą etykiete!
|
| Thư viện lưu trữ: | Trung tâm Học liệu Trường Đại học Cần Thơ |
|---|
| LEADER | 00543nam a2200181Ia 4500 | ||
|---|---|---|---|
| 001 | CTU_235458 | ||
| 008 | 210402s9999 xx 000 0 und d | ||
| 082 | |a 630.7 | ||
| 082 | |b J35 | ||
| 245 | 0 | |a Japan Agricultural Research Quarterly | |
| 245 | 0 | |c Japan International Research Center for Agricultural Sciences | |
| 260 | |a Tsukiba, Japan | ||
| 260 | |b JIRCAS | ||
| 260 | |c 2018 | ||
| 650 | |a Agriculture,Agriculture | ||
| 650 | |x Research,Japan,Economic aspects | ||
| 904 | |i Minh | ||
| 980 | |a Trung tâm Học liệu Trường Đại học Cần Thơ | ||